[Event "VI Weekend A"]
[Site "Vicenza ITA"]
[Date "2002.10.??"]
[Round "6"]
[White "Opacic, Alexandar"]
[Black "Miatello, Alberto"]
[Result "1-0"]
[WhiteElo "2088"]
[BlackElo "1818"]
[PlyCount "77"]
[EventDate "2002.10.05"]

1. e4 c5 2. Nf3 e6 3. d4 cxd4 4. Nxd4 Nc6 5. Nc3 a6 6. Be3 Qc7 7. Be2 d6 8. O-O
Bd7 9. a4 Nf6 10. f4 Be7 11. Nb3 b6 12. Qe1 O-O 13. Qf2 Rfb8 14. Bf3 Nb4 15.
Rfd1 e5 16. f5 b5 17. a5 Nxc2 18. Qxc2 b4 19. Bb6 Qc6 20. Qd3 bxc3 21. Rac1
Rxb6 22. Nd4 Qc5 23. axb6 exd4 24. e5 Nd5 25. Qxd4 Qxd4+ 26. Rxd4 cxb2 27. Rb1
Nc3 28. Bxa8 Ne2+ 29. Kf2 Nxd4 30. Rxb2 dxe5 31. b7 Nc6 32. b8=Q+ Nxb8 33.
Rxb8+ Bf8 34. g4 g6 35. Rd8 Bb5 36. Bd5 gxf5 37. gxf5 Kg7 38. f6+ Kg8 39. Ke3
1-0

[Event "VI Weekend A"]
[Site "Vicenza ITA"]
[Date "2002.10.??"]
[Round "6"]
[White "Verducci, Gianni"]
[Black "Gennari, Leone"]
[Result "1-0"]
[WhiteElo "1947"]
[BlackElo "1900"]
[PlyCount "65"]
[EventDate "2002.10.05"]

1. e4 e6 2. d4 d5 3. Nc3 Bb4 4. e5 c5 5. Bd2 Ne7 6. a3 Bxc3 7. Bxc3 cxd4 8.
Qxd4 Nbc6 9. Qg4 O-O 10. Nf3 Nf5 11. Bd3 d4 12. Bd2 f6 13. exf6 Qxf6 14. Bg5
Qf7 15. Qe4 g6 16. O-O Bd7 17. Rae1 Rae8 18. Ne5 Qg7 19. Nxd7 Qxd7 20. Bc4 Kf7
21. Qf3 Kg7 22. Qe4 Kf7 23. Ba2 Nd6 24. Qg4 Nf5 25. Re4 Kg7 26. Rfe1 e5 27. Qh3
h5 28. f4 Qd6 29. fxe5 Qc5 30. Bf6+ Kh7 31. Qd3 Ne3 32. Rh4 Rxf6 33. Rxh5+ 1-0

[Event "VII Weekend Sestri Ponente"]
[Site "Genova ITA"]
[Date "2002.10.06"]
[Round "5"]
[White "De Santis, Alessio"]
[Black "Fossati, Remigio"]
[Result "0-1"]
[WhiteElo "2267"]
[BlackElo "1807"]
[PlyCount "92"]
[EventDate "2002.10.04"]

1. d4 Nf6 2. c4 g6 3. Nc3 Bg7 4. e4 d6 5. Be2 O-O 6. Bg5 c5 7. d5 Qa5 8. Bd2 e6
9. h4 exd5 10. cxd5 Re8 11. h5 Qc7 12. Qc2 a6 13. hxg6 fxg6 14. a4 Qe7 15. f3
Nbd7 16. Nh3 Ne5 17. Nf2 Nh5 18. O-O-O Ng3 19. Rhe1 b5 20. Bf4 Nxe2+ 21. Qxe2
Nc4 22. Nd3 Nxb2 23. Qxb2 b4 24. e5 bxc3 25. Qxc3 Bf5 26. exd6 Qb7 27. Be5 Rxe5
28. Rxe5 c4 29. Nf4 Bxe5 30. Qxe5 c3 31. Nd3 Rb8 32. Qxc3 Rc8 33. Nc5 Qb6 34.
Kd2 Rxc5 35. Qd4 Rc2+ 36. Ke3 Qb3+ 37. Rd3 Bxd3 38. Qf6 Bf5+ 39. Kf4 Qb4+ 40.
Kg3 Qe1+ 41. Kh2 Qe8 42. Kg3 Re2 43. Kh4 Rxg2 44. d7 Qxd7 45. Qd4 g5+ 46. Kh5
Qf7+ 0-1

[Event "XXV Corsicoscacchi Integrale 1"]
[Site "Corsico ITA"]
[Date "2002.10.05"]
[Round "3"]
[White "Gentili, Gianguido"]
[Black "Travaglini, Renzo"]
[Result "1-0"]
[WhiteElo "1714"]
[BlackElo "1693"]
[PlyCount "57"]
[EventDate "2002.10.04"]

1. e4 e6 2. d4 d5 3. e5 c5 4. c3 Qb6 5. Nf3 Bd7 6. Bd3 Bb5 7. O-O Bxd3 8. Qxd3
Nc6 9. dxc5 Bxc5 10. b4 Be7 11. Be3 Qc7 12. Nbd2 b6 13. Rac1 Rd8 14. Qb5 Qd7
15. Qa6 Nb8 16. Qe2 Bf8 17. Nd4 Nc6 18. N2f3 Qb7 19. Bf4 Nge7 20. g4 Nxd4 21.
Nxd4 Ng6 22. Bg3 Ne7 23. f4 g6 24. f5 gxf5 25. gxf5 Kd7 26. fxe6+ fxe6 27. Nxe6
Re8 28. Nd4 Rg8 29. Qb5+ 1-0

[Event "XXV Corsicoscacchi Integrale 1"]
[Site "Corsico ITA"]
[Date "2002.10.06"]
[Round "5"]
[White "Pattarello, Pierluigi"]
[Black "Gentili, Gianguido"]
[Result "0-1"]
[WhiteElo "1851"]
[BlackElo "1714"]
[PlyCount "70"]
[EventDate "2002.10.04"]

1. d4 Nf6 2. c4 e6 3. Nc3 Bb4 4. e3 c5 5. Bd3 Nc6 6. Nf3 d6 7. Bd2 e5 8. d5 Ne7
9. e4 Ng6 10. O-O O-O 11. a3 Bxc3 12. Bxc3 Nf4 13. b4 b6 14. Re1 N6h5 15. Bf1
f5 16. g3 fxe4 17. Rxe4 Bf5 18. Re3 Bg4 19. gxf4 Nxf4 20. Be2 Nxe2+ 21. Qxe2
Qf6 22. Kg2 Qh6 23. Kf1 Qh3+ 24. Ke1 Bxf3 25. Qd3 Qg4 26. Kd2 Qg2 27. Rae1
Qxf2+ 28. Kc1 Bh5 29. h3 Qa2 30. Bb2 Bg6 31. Qc3 Rf2 32. R3e2 Raf8 33. Kd2 Bh5
34. Rxf2 Rxf2+ 35. Kc1 Bg6 0-1

[Event "IV Festival Piemonte Scacchi A"]
[Site "Torino ITA"]
[Date "2002.09.??"]
[Round "1"]
[White "Cavezzana, Davide"]
[Black "Diana, Riccardo"]
[Result "0-1"]
[WhiteElo "1597"]
[BlackElo "2134"]
[PlyCount "96"]
[EventDate "2002.09.25"]

1. e4 e5 2. Nf3 Nf6 3. d4 Nxe4 4. Bd3 d5 5. Nxe5 Bd6 6. O-O O-O 7. Nc3 Nxc3 8.
bxc3 Qh4 9. Nf3 Qh5 10. h3 Nd7 11. Ng5 Qxd1 12. Rxd1 Nf6 13. Re1 Bd7 14. Bd2
Rae8 15. Rxe8 Rxe8 16. Re1 h6 17. Rxe8+ Bxe8 18. Nf3 Ne4 19. c4 Nxd2 20. Nxd2
Bb4 21. Nf3 dxc4 22. Bxc4 Kf8 23. Kf1 Ke7 24. Ke2 f6 25. Bd3 g5 26. c4 b6 27.
Ke3 h5 28. Nd2 h4 29. f3 Bd6 30. Bf5 Bf4+ 31. Kd3 Bf7 32. Ne4 b5 33. cxb5 Bxa2
34. Nc3 Bb3 35. Bg4 Bf7 36. Bf5 Bd6 37. Be4 Be6 38. Nd5+ Kf7 39. Nc3 Bb4 40.
Bc6 Bxc3 41. Kxc3 Ke7 42. Kb4 Kd6 43. Be4 f5 44. Bb7 g4 45. f4 Bd5 46. Bxd5
Kxd5 47. hxg4 fxg4 48. f5 h3 0-1

[Event "IV Festival Piemonte Scacchi A"]
[Site "Torino ITA"]
[Date "2002.09.??"]
[Round "1"]
[White "De Santis, Alessio"]
[Black "Palmisano, Giuseppe"]
[Result "1-0"]
[WhiteElo "2243"]
[BlackElo "1600"]
[PlyCount "101"]
[EventDate "2002.09.25"]

1. d4 d5 2. c4 c6 3. Nc3 Nf6 4. g3 Bf5 5. Bg2 e6 6. Nf3 Bd6 7. O-O Nbd7 8. Nd2
O-O 9. e4 dxe4 10. Ndxe4 Be7 11. Bf4 Nxe4 12. Nxe4 Nf6 13. Nc3 Bb4 14. Qb3 Bxc3
15. bxc3 Qb6 16. c5 Qxb3 17. axb3 Rfd8 18. Ra2 Be4 19. f3 Bg6 20. Rfa1 a6 21.
Bf1 Nd5 22. Bd2 f6 23. b4 Bf7 24. Kf2 Nc7 25. Rb2 Nb5 26. f4 h6 27. Rc1 Re8 28.
Be3 Rad8 29. h3 Re7 30. g4 e5 31. dxe5 fxe5 32. f5 Kh7 33. h4 Nc7 34. c4 Red7
35. g5 hxg5 36. hxg5 Rf8 37. Kg3 Kg8 38. Rh2 Be8 39. Kg4 Re7 40. Bd3 Bd7 41.
Rch1 g6 42. Rh8+ Kf7 43. Be4 Rxh8 44. Rxh8 gxf5+ 45. Bxf5 Bxf5+ 46. Kxf5 Ne8
47. g6+ Kg7 48. Rh7+ Kf8 49. Bh6+ Ng7+ 50. Bxg7+ Rxg7 51. Kf6 1-0

[Event "IV Festival Piemonte Scacchi A"]
[Site "Torino ITA"]
[Date "2002.09.??"]
[Round "1"]
[White "Ferrero, Oscar"]
[Black "Sarno, Spartaco"]
[Result "0-1"]
[WhiteElo "1632"]
[BlackElo "2399"]
[PlyCount "82"]
[EventDate "2002.09.25"]

1. e4 g6 2. g3 Bg7 3. Bg2 c5 4. d3 Nc6 5. f4 d6 6. Nf3 e6 7. c3 Nge7 8. O-O O-O
9. Be3 b6 10. Bf2 Ba6 11. Re1 Qd7 12. Na3 Rac8 13. d4 cxd4 14. Nxd4 Rfd8 15.
Bf1 Bxf1 16. Rxf1 Na5 17. Qe2 Qb7 18. Rad1 a6 19. Rd2 b5 20. Rfd1 d5 21. e5 Rc7
22. Qe3 Nc8 23. Nb3 Nxb3 24. axb3 b4 25. Nb1 bxc3 26. Nxc3 Rdd7 27. Na4 Bf8 28.
g4 Bb4 29. Re2 Ne7 30. Qb6 Rc6 31. Qxb7 Rxb7 32. Be3 Rbc7 33. Rd4 a5 34. Bd2
Rc2 35. Kf1 Nc6 36. Rd3 Rb7 37. Bxb4 Rxe2 38. Kxe2 Rxb4 39. Ke3 Re4+ 40. Kf3 g5
41. Rc3 Rxf4+ 0-1

[Event "IV Festival Piemonte Scacchi A"]
[Site "Torino ITA"]
[Date "2002.09.??"]
[Round "1"]
[White "Loccisano, Giuseppe"]
[Black "Brancaleoni, Maurizio"]
[Result "1/2-1/2"]
[WhiteElo "1600"]
[BlackElo "2249"]
[PlyCount "91"]
[EventDate "2002.09.25"]

1. e4 c5 2. c3 e6 3. d4 d5 4. e5 Qb6 5. Nf3 Bd7 6. Bd3 Bb5 7. O-O Bxd3 8. Qxd3
Qa6 9. Qd1 cxd4 10. cxd4 Ne7 11. Nc3 Nec6 12. Be3 Nd7 13. Ng5 h6 14. Nh3 Rc8
15. Rc1 g6 16. Qg4 Ne7 17. Nf4 Rc6 18. Nce2 Rg8 19. Nc3 Qa5 20. Qe2 a6 21. Rc2
Qd8 22. Rfc1 Nb6 23. b3 Nf5 24. Nb1 Ne7 25. Bd2 Rxc2 26. Rxc2 Nc6 27. Rxc6 bxc6
28. Qxa6 Nc8 29. Qxc6+ Qd7 30. Qa6 Be7 31. Nd3 Rh8 32. Nc5 Bxc5 33. dxc5 Ne7
34. b4 Kf8 35. Na3 Kg7 36. Nb5 Rb8 37. Nd6 Nc6 38. Qa4 Qc7 39. Bc3 d4 40. Bd2
Nxe5 41. Bf4 f6 42. Ne8+ Rxe8 43. Qxe8 g5 44. Bxe5 Qxe5 45. g3 Qe1+ 46. Kg2
{...} 1/2-1/2

[Event "IV Festival Piemonte Scacchi A"]
[Site "Torino ITA"]
[Date "2002.09.??"]
[Round "1"]
[White "Napoli, Claudio"]
[Black "Sorcinelli, Francesco"]
[Result "0-1"]
[WhiteElo "1546"]
[BlackElo "1965"]
[PlyCount "54"]
[EventDate "2002.09.25"]

1. d4 Nf6 2. c4 c5 3. d5 e6 4. Nc3 exd5 5. cxd5 d6 6. e4 g6 7. f4 Bg7 8. Bb5+
Nfd7 9. Nf3 O-O 10. O-O Re8 11. Be3 a6 12. Bd3 b5 13. Rc1 Nf6 14. a3 b4 15.
axb4 cxb4 16. Na2 Nbd7 17. Nd4 Nxd5 18. Bf2 Nxf4 19. Nc6 Qg5 20. Qf3 Nxd3 21.
Bh4 N7e5 22. Nxe5 Nxe5 23. Bxg5 Nxf3+ 24. Rxf3 Bd7 25. Rc7 Ba4 26. Rfxf7 Bd4+
27. Kh1 Rf8 0-1

[Event "IV Festival Piemonte Scacchi A"]
[Site "Torino ITA"]
[Date "2002.09.??"]
[Round "1"]
[White "Pepino, Enrico"]
[Black "Gussone, Claudio"]
[Result "1-0"]
[WhiteElo "2096"]
[BlackElo "1575"]
[PlyCount "105"]
[EventDate "2002.09.25"]

1. e4 d6 2. d4 Nf6 3. Nc3 g6 4. f4 Bg7 5. Nf3 c5 6. dxc5 Qa5 7. Bd3 Qxc5 8. Qe2
O-O 9. Be3 Qa5 10. O-O Nc6 11. a3 Ng4 12. Bd2 Nd4 13. Nxd4 Bxd4+ 14. Kh1 Qh5
15. h3 f5 16. exf5 gxf5 17. Nd5 Rf7 18. c3 e6 19. cxd4 exd5 20. Kg1 Nf6 21.
Qxh5 Nxh5 22. Rfe1 Ng3 23. Re8+ Rf8 24. Rxf8+ Kxf8 25. Rc1 Ne4 26. Be1 Be6 27.
Rc7 Rc8 28. Rxh7 Rc1 29. Kf1 Ng3+ 30. Kf2 Rd1 31. Bc2 Ne4+ 32. Bxe4 dxe4 33.
Bc3 Bc4 34. Rh5 Rf1+ 35. Ke3 Be6 36. d5 Bd7 37. Bb4 Ke7 38. Rh7+ Kd8 39. Bxd6
Re1+ 40. Kf2 Rd1 41. Be7+ Kc7 42. d6+ Kb6 43. Rg7 Rd2+ 44. Kg1 Rxb2 45. Bf6
Rb1+ 46. Kh2 Kc6 47. h4 Kxd6 48. h5 Ke6 49. Bh4 Rc1 50. h6 Rc8 51. h7 Rh8 52.
Re7+ Kd6 53. Bf6 1-0

[Event "IV Festival Piemonte Scacchi A"]
[Site "Torino ITA"]
[Date "2002.09.??"]
[Round "1"]
[White "Rotundo, Raffaele"]
[Black "Dezzi, Marco"]
[Result "1-0"]
[WhiteElo "1810"]
[BlackElo "1521"]
[PlyCount "65"]
[EventDate "2002.09.25"]

1. e4 h6 2. d4 a6 3. Nc3 e6 4. f4 b6 5. Nf3 Bb7 6. Bd3 d6 7. O-O g6 8. e5 d5 9.
Be3 Nd7 10. Ne2 Ne7 11. c4 dxc4 12. Bxc4 Nd5 13. Bd2 b5 14. Bb3 c5 15. dxc5
Bxc5+ 16. Kh1 Ne3 17. Bxe3 Bxe3 18. Qd3 Bb6 19. Bxe6 Nc5 20. Bxf7+ Kxf7 21. e6+
Ke7 22. Qxg6 Qg8 23. Qh5 Nxe6 24. Ng3 Rf8 25. Ne5 Rf6 26. Rad1 Bd4 27. Qe2 Bxe5
28. Qxe5 Bc8 29. Rc1 Kf7 30. f5 Qe8 31. Ne4 Qe7 32. fxe6+ Qxe6 33. Rxf6+ 1-0

[Event "IV Festival Piemonte Scacchi A"]
[Site "Torino ITA"]
[Date "2002.09.??"]
[Round "1"]
[White "Xausa, Flavio"]
[Black "Blundo, Michele"]
[Result "1-0"]
[WhiteElo "1867"]
[BlackElo "1528"]
[PlyCount "93"]
[EventDate "2002.09.25"]

1. e4 c5 2. Nf3 Nc6 3. Bb5 d6 4. O-O Bd7 5. c3 e6 6. d4 cxd4 7. cxd4 Nf6 8. Re1
Qc7 9. Nc3 a6 10. Bxc6 Bxc6 11. d5 Bd7 12. dxe6 fxe6 13. Bg5 Be7 14. Rc1 O-O
15. Nd5 Qd8 16. Nxe7+ Qxe7 17. Qd2 e5 18. Red1 Bc6 19. Qd3 Rad8 20. Qb3+ Kh8
21. Re1 h6 22. Bxf6 Rxf6 23. Qe3 Rf4 24. Nd2 Rdf8 25. f3 g5 26. Rf1 h5 27. Rc3
g4 28. g3 R4f7 29. f4 exf4 30. gxf4 h4 31. Qd4+ Qf6 32. Qxf6+ Rxf6 33. e5 dxe5
34. fxe5 Rxf1+ 35. Nxf1 Kg7 36. Rc4 Bb5 37. Rxg4+ Kh6 38. Nd2 Kh5 39. Rd4 h3
40. e6 Rg8+ 41. Kf2 Rg2+ 42. Kf3 Kg6 43. Rg4+ Kf5 44. Rxg2 hxg2 45. Kxg2 Kxe6
46. Kh3 Kf7 47. Nb1 1-0

[Event "IV Festival Piemonte Scacchi A"]
[Site "Torino ITA"]
[Date "2002.09.??"]
[Round "2"]
[White "Angioni, Gian Carlo"]
[Black "Vozza, Nicola"]
[Result "0-1"]
[WhiteElo "1687"]
[BlackElo "1825"]
[PlyCount "84"]
[EventDate "2002.09.25"]

1. e4 e5 2. Nf3 Nc6 3. Bb5 a6 4. Bxc6 dxc6 5. O-O f6 6. d4 Bg4 7. dxe5 Qxd1 8.
Rxd1 fxe5 9. Be3 Nf6 10. Nbd2 Bd6 11. h3 Bh5 12. Re1 b5 13. a3 O-O 14. Nh4 Rfe8
15. Nf5 Bf8 16. Bg5 Rad8 17. g4 Bf7 18. Rad1 Re6 19. Kg2 h6 20. Be3 Kh7 21. f3
g5 22. Ng3 Red6 23. Ne2 R6d7 24. Nc3 c5 25. Nb3 b4 26. Rxd7 Rxd7 27. axb4 cxb4
28. Ne2 Bxb3 29. cxb3 Rd3 30. Nc1 Rd7 31. Re2 Rd1 32. Rc2 Bd6 33. Rc6 Nd7 34.
Rxa6 Bc5 35. Bxc5 Nxc5 36. Rc6 Rxc1 37. Rxc7+ Kg8 38. Rc8+ Kf7 39. Rd8 Ne6 40.
Rd7+ Ke8 41. Rb7 Nf4+ 42. Kg3 Rc2 0-1

[Event "IV Festival Piemonte Scacchi A"]
[Site "Torino ITA"]
[Date "2002.09.??"]
[Round "2"]
[White "Brancaleoni, Maurizio"]
[Black "Bonessa, Luca"]
[Result "1-0"]
[WhiteElo "2249"]
[BlackElo "1507"]
[PlyCount "65"]
[EventDate "2002.09.25"]

1. d4 e6 2. Nf3 d5 3. g3 Nc6 4. Bg2 Be7 5. c4 Nf6 6. O-O Bd7 7. Nbd2 b6 8. b3
a5 9. a3 O-O 10. Bb2 h6 11. Qc2 Rb8 12. Rfd1 Bc8 13. cxd5 Na7 14. Rac1 exd5 15.
Qxc7 Bb7 16. Qxd8 Rfxd8 17. Ne5 Bd6 18. e3 Rbc8 19. Bh3 Rxc1 20. Rxc1 Bxe5 21.
dxe5 Ne8 22. Bd4 Nc6 23. Bxb6 Ra8 24. f4 Ra6 25. Bc5 Nd8 26. Bf1 Ra8 27. Bb6
Ne6 28. h4 g6 29. Bd3 N8g7 30. g4 d4 31. Be4 Ra6 32. Bxd4 Bxe4 33. Rc8+ 1-0

[Event "IV Festival Piemonte Scacchi A"]
[Site "Torino ITA"]
[Date "2002.09.??"]
[Round "2"]
[White "De Paulis, Sergio"]
[Black "De Santis, Alessio"]
[Result "0-1"]
[WhiteElo "1652"]
[BlackElo "2243"]
[PlyCount "72"]
[EventDate "2002.09.25"]

1. d4 d6 2. Nf3 f5 3. c3 g6 4. Qb3 Bg7 5. Ng5 d5 6. f4 Nf6 7. e3 Ne4 8. Nf3 e6
9. Nbd2 Nd7 10. Nxe4 fxe4 11. Ne5 Bxe5 12. dxe5 O-O 13. Bd2 c5 14. h4 h6 15. g4
c4 16. Qc2 Nc5 17. O-O-O Bd7 18. Re1 Qa5 19. Kb1 Ba4 20. Qc1 Rac8 21. Be2 Rc6
22. Reg1 Bb3 23. a3 Rb6 24. h5 Na4 25. hxg6 Nxb2 26. Qxb2 Ba4 27. Bd1 Bxd1 28.
Rxd1 Qxa3 29. Qxb6 axb6 30. Bc1 Qxc3 31. f5 Qb3+ 32. Bb2 c3 33. Rh2 Qxd1+ 34.
Ka2 Ra8+ 35. Ba3 c2 36. f6 Qb1# 0-1

[Event "IV Festival Piemonte Scacchi A"]
[Site "Torino ITA"]
[Date "2002.09.??"]
[Round "2"]
[White "Diana, Riccardo"]
[Black "Trotto, Pierangelo"]
[Result "0-1"]
[WhiteElo "2134"]
[BlackElo "1755"]
[PlyCount "100"]
[EventDate "2002.09.25"]

1. e4 c5 2. c3 d5 3. exd5 Qxd5 4. d4 cxd4 5. cxd4 Nc6 6. Nf3 Bg4 7. Be2 e6 8.
Nc3 Qd8 9. h3 Bh5 10. d5 exd5 11. Qxd5 Nf6 12. Qb5 a6 13. Qxb7 Na5 14. Bb5+
axb5 15. Qxb5+ Qd7 16. Qxd7+ Nxd7 17. Nd4 Bb4 18. O-O Bxc3 19. bxc3 O-O 20. f4
f6 21. a4 Bf7 22. Ba3 Rfe8 23. Nb5 Re2 24. Rad1 Nb6 25. Rd4 h5 26. Rfd1 Nac4
27. Rd8+ Rxd8 28. Rxd8+ Kh7 29. Nd4 Re4 30. Bb4 Nxa4 31. Rd7 Be8 32. Rc7 Nab6
33. Bf8 Bd7 34. f5 Re5 35. Ne6 Rxf5 36. Nxg7 Re5 37. g4 hxg4 38. hxg4 Rg5 39.
Nh5 Rxg4+ 40. Kf2 Kg6 41. Ng3 Kg5 42. Bc5 Rf4+ 43. Kg1 Kg4 44. Ne2 Re4 45. Kf2
Be6 46. Rg7+ Kh4 47. Rh7+ Kg5 48. Rg7+ Kh6 49. Bf8 f5 50. Ng3 50... Rf4+ {...}
0-1

[Event "IV Festival Piemonte Scacchi A"]
[Site "Torino ITA"]
[Date "2002.09.??"]
[Round "2"]
[White "Groger, Astrid"]
[Black "Pepino, Enrico"]
[Result "0-1"]
[WhiteElo "1419"]
[BlackElo "2096"]
[PlyCount "66"]
[EventDate "2002.09.25"]

1. e4 c5 2. Nf3 Nc6 3. Bb5 g6 4. d4 cxd4 5. Bxc6 dxc6 6. Qxd4 Qxd4 7. Nxd4 Bg7
8. Be3 Nf6 9. f3 O-O 10. Nd2 Rd8 11. c3 Bd7 12. g4 c5 13. Ne2 h6 14. O-O-O Ba4
15. Rdg1 Nd7 16. f4 Rac8 17. Kb1 Bb5 18. Nc1 Bc6 19. h4 Nf6 20. e5 Nd5 21. Nf1
Nxe3 22. Nxe3 Be4+ 23. Ka1 Bxh1 24. Rxh1 Rd2 25. Rd1 Rcd8 26. Rxd2 Rxd2 27. a4
Rh2 28. Nd5 Kf8 29. Nb3 Rxh4 30. Ne3 e6 31. Nd2 h5 32. gxh5 gxh5 33. f5 Rxa4+
0-1

[Event "IV Festival Piemonte Scacchi A"]
[Site "Torino ITA"]
[Date "2002.09.??"]
[Round "2"]
[White "Nazario, Enrico"]
[Black "Loccisano, Giuseppe"]
[Result "1-0"]
[WhiteElo "1765"]
[BlackElo "1600"]
[PlyCount "65"]
[EventDate "2002.09.25"]

1. d4 Nf6 2. c4 g6 3. Nc3 d5 4. cxd5 Nxd5 5. e4 Nxc3 6. bxc3 Bg7 7. Bc4 c5 8.
Be3 Nc6 9. Ne2 O-O 10. Rc1 Bg4 11. f3 Na5 12. Bd3 Bd7 13. Qd2 c4 14. Bc2 b5 15.
g4 e6 16. h4 f5 17. gxf5 exf5 18. h5 Nc6 19. hxg6 hxg6 20. e5 Kf7 21. Bg5 Qb6
22. a3 Rh8 23. Rxh8 Rxh8 24. Kf1 Qb7 25. Kg2 Ne7 26. Nf4 Bc6 27. Qe2 Nd5 28.
Nxd5 Bxd5 29. Rf1 Rh5 30. Qe3 Qa8 31. Be4 Qh8 32. Bxd5+ Kf8 33. Qf4 1-0

[Event "IV Festival Piemonte Scacchi A"]
[Site "Torino ITA"]
[Date "2002.09.??"]
[Round "2"]
[White "Ratti, Marco"]
[Black "Mrdja, Milan"]
[Result "0-1"]
[WhiteElo "1852"]
[BlackElo "2370"]
[PlyCount "52"]
[EventDate "2002.09.25"]

1. d4 c5 2. d5 e6 3. c4 exd5 4. cxd5 d6 5. e4 g6 6. Nc3 Bg7 7. h3 Ne7 8. Nf3
O-O 9. Bd3 a6 10. a4 h6 11. Bf4 g5 12. Bh2 Ng6 13. Qc2 Qe7 14. O-O-O Nd7 15.
Nd2 Nde5 16. g4 b5 17. axb5 axb5 18. Bxb5 Ra1+ 19. Ndb1 c4 20. Kd2 Nf3+ 21. Ke3
Nxh2 22. Rxh2 f5 23. f3 fxg4 24. fxg4 Ne5 25. Nd2 Nxg4+ 26. hxg4 Qa7+ 0-1

[Event "IV Festival Piemonte Scacchi A"]
[Site "Torino ITA"]
[Date "2002.09.??"]
[Round "2"]
[White "Sarno, Spartaco"]
[Black "Rotundo, Raffaele"]
[Result "1-0"]
[WhiteElo "2399"]
[BlackElo "1810"]
[PlyCount "33"]
[EventDate "2002.09.25"]

1. d4 d5 2. Nf3 Nf6 3. c4 dxc4 4. e3 e6 5. Bxc4 c5 6. O-O Nc6 7. Qe2 cxd4 8.
Rd1 Be7 9. exd4 O-O 10. Nc3 Qc7 11. Bg5 a6 12. Rac1 Rd8 13. d5 Nxd5 14. Bxd5
Bxg5 15. Nxg5 exd5 16. Nxd5 Qa5 17. b4 1-0

[Event "IV Festival Piemonte Scacchi A"]
[Site "Torino ITA"]
[Date "2002.09.??"]
[Round "2"]
[White "Sorcinelli, Francesco"]
[Black "Leoni, Alessandro"]
[Result "1-0"]
[WhiteElo "1965"]
[BlackElo "1702"]
[PlyCount "63"]
[EventDate "2002.09.25"]

1. e4 c5 2. Nc3 a6 3. a4 Nc6 4. f4 e6 5. Nf3 Nf6 6. e5 Nd5 7. Nxd5 exd5 8. d4
d6 9. c3 Bg4 10. Be3 dxe5 11. fxe5 cxd4 12. cxd4 Bb4+ 13. Kf2 O-O 14. h3 Bxf3
15. Qxf3 Qa5 16. Bd3 Bd2 17. Rad1 Bxe3+ 18. Qxe3 Rae8 19. Rhf1 Nb4 20. Bb1 Qxa4
21. Kg1 Qc6 22. Qg3 f6 23. Rc1 Qb6 24. Qh4 h6 25. exf6 Rxf6 26. Rce1 Rxf1+ 27.
Rxf1 Qe6 28. Qh5 Rf8 29. Bh7+ Kxh7 30. Rxf8 Qe3+ 31. Kh2 Qe7 32. Qf5+ 1-0

[Event "IV Festival Piemonte Scacchi A"]
[Site "Torino ITA"]
[Date "2002.09.??"]
[Round "3"]
[White "Cavezzana, Davide"]
[Black "Ratti, Marco"]
[Result "0-1"]
[WhiteElo "1597"]
[BlackElo "1852"]
[PlyCount "118"]
[EventDate "2002.09.25"]

1. e4 Nf6 2. e5 Nd5 3. c4 Nb6 4. d4 d6 5. f4 dxe5 6. fxe5 Nc6 7. Be3 Bf5 8. Nc3
e6 9. Nf3 Be7 10. Be2 O-O 11. O-O f6 12. Qe1 Nb4 13. Qg3 Kh8 14. Nh4 fxe5 15.
Nxf5 exf5 16. dxe5 c6 17. Rad1 Qe8 18. a3 Na6 19. Bd4 Bc5 20. Bxc5 Nxc5 21. Qe3
Ne6 22. c5 Nd7 23. b4 Nc7 24. e6 Nxe6 25. Rd6 Rf6 26. Bc4 Ndf8 27. Re1 Nc7 28.
Rxf6 gxf6 29. Qg3 Nce6 30. Bxe6 Nxe6 31. Qe3 Ng7 32. Qxe8+ Rxe8 33. Rxe8+ Nxe8
34. Kf2 Kg7 35. Kf3 Kf7 36. Kf4 Kg6 37. Nd1 Nc7 38. Ne3 Ne6+ 39. Kf3 Nc7 40.
Kf4 Ne6+ 41. Kf3 h5 42. h4 b5 43. cxb6 axb6 44. g3 b5 45. Nc2 Kf7 46. Ke3 Ke7
47. Nd4 Nxd4 48. Kxd4 Kd6 49. Ke3 Ke5 50. Kf3 Kd4 51. Kf4 Kc4 52. Kxf5 Kb3 53.
Kxf6 Kxa3 54. Kg5 Kxb4 55. Kxh5 c5 56. Kg4 c4 57. Kf3 c3 58. Ke3 Kb3 59. h5 c2
0-1

[Event "IV Festival Piemonte Scacchi A"]
[Site "Torino ITA"]
[Date "2002.09.??"]
[Round "3"]
[White "Leoni, Alessandro"]
[Black "Diana, Riccardo"]
[Result "0-1"]
[WhiteElo "1702"]
[BlackElo "2134"]
[PlyCount "84"]
[EventDate "2002.09.25"]

1. e4 e5 2. Nf3 Nc6 3. Bb5 a6 4. Bxc6 dxc6 5. O-O f6 6. d4 exd4 7. Nxd4 c5 8.
Nb3 Qxd1 9. Rxd1 Bd7 10. Be3 b6 11. N1d2 Ne7 12. Nc4 Nc6 13. c3 Be6 14. Ncd2
Bd6 15. f4 O-O-O 16. a4 Rhe8 17. Kf2 Bxb3 18. Nxb3 Rxe4 19. a5 Kb7 20. axb6
cxb6 21. Nd2 Ree8 22. Nc4 Kc7 23. Rdb1 a5 24. g3 Re4 25. Nd2 Re7 26. Re1 Rde8
27. Nf3 Re6 28. h4 Ne7 29. Nd2 Nf5 30. Nc4 h5 31. Bd2 Kc6 32. Rxe6 Rxe6 33. Kf3
Re7 34. Ne3 Nxe3 35. Bxe3 f5 36. Ke2 b5 37. b3 c4 38. Kd2 cxb3 39. Ra3 a4 40.
c4 Re6 41. cxb5+ Kxb5 42. Ra1 Bb4+ 0-1

[Event "IV Festival Piemonte Scacchi A"]
[Site "Torino ITA"]
[Date "2002.09.??"]
[Round "3"]
[White "Mrdja, Milan"]
[Black "Sorcinelli, Francesco"]
[Result "1-0"]
[WhiteElo "2370"]
[BlackElo "1965"]
[PlyCount "59"]
[EventDate "2002.09.25"]

1. e4 c5 2. Nf3 d6 3. d4 cxd4 4. Nxd4 Nf6 5. Nc3 g6 6. Be2 Bg7 7. O-O O-O 8.
Bg5 Nc6 9. Nb3 Be6 10. f4 Rc8 11. Bf3 b5 12. Kh1 Bc4 13. Rf2 Qb6 14. Qe1 b4 15.
Nd5 Bxd5 16. exd5 Nd4 17. Nxd4 Qxd4 18. Rb1 Rc5 19. Rd2 Qc4 20. Qxe7 Qxa2 21.
Rdd1 Ne8 22. Qe4 Nf6 23. Qxb4 Nxd5 24. Qd2 Nc7 25. Be7 Re8 26. Bxd6 Rd8 27. Qb4
Rxd6 28. Qxc5 Rxd1+ 29. Rxd1 Ne6 30. Qc8+ 1-0

[Event "IV Festival Piemonte Scacchi A"]
[Site "Torino ITA"]
[Date "2002.09.??"]
[Round "3"]
[White "Nazario, Enrico"]
[Black "Macario, Marco"]
[Result "1-0"]
[WhiteElo "1765"]
[BlackElo "1500"]
[PlyCount "77"]
[EventDate "2002.09.25"]

1. d4 g6 2. c4 Bg7 3. e4 d6 4. Nc3 Nf6 5. f3 O-O 6. Be3 Nbd7 7. Qd2 c5 8. d5
Re8 9. Rb1 a6 10. Nh3 Ne5 11. Nf2 Qc7 12. Be2 e6 13. O-O exd5 14. cxd5 b5 15.
Rfc1 Bb7 16. b3 Qe7 17. a4 b4 18. Ncd1 Rad8 19. Nb2 Ned7 20. Bg5 Bxd5 21. Bxa6
Bxb3 22. Bb5 Ra8 23. Ng4 Be6 24. e5 Bxg4 25. exf6 Bxf6 26. Bxf6 Qxf6 27. fxg4
Re7 28. Nc4 Ne5 29. Qd5 Rd8 30. Rf1 Qg5 31. a5 Rb8 32. Nxe5 Rxb5 33. Qa8+ Kg7
34. Nc6 Qd5 35. Rbd1 Ra7 36. Qxa7 Qxc6 37. Qxf7+ Kh6 38. g5+ Kh5 39. Qxh7+ 1-0

[Event "IV Festival Piemonte Scacchi A"]
[Site "Torino ITA"]
[Date "2002.09.??"]
[Round "3"]
[White "Pepino, Enrico"]
[Black "Sarno, Spartaco"]
[Result "0-1"]
[WhiteElo "2096"]
[BlackElo "2399"]
[PlyCount "72"]
[EventDate "2002.09.25"]

1. e4 d6 2. d4 Nf6 3. Nc3 g6 4. f4 Bg7 5. Nf3 O-O 6. e5 Nfd7 7. h4 c5 8. e6
fxe6 9. h5 gxh5 10. Rxh5 Nf6 11. Rh4 cxd4 12. Nxd4 Nc6 13. Be3 Qb6 14. Qd3 Nb4
15. Qd2 Ne4 16. Nxe4 Bxd4 17. Rg4+ Kf7 18. Ng5+ Ke8 19. Bxd4 Qxd4 20. O-O-O
Qxd2+ 21. Rxd2 e5 22. Bb5+ Nc6 23. Rh4 Rxf4 24. Rxh7 Bd7 25. g3 Rf8 26. Rg7 Nd4
27. Bc4 Nf5 28. Bf7+ Kd8 29. Rh7 Nxg3 30. Rg2 Nf5 31. c3 Ne3 32. Rg3 Ng4 33.
Rg7 Nf6 34. Nh7 Nxh7 35. Rxh7 Bf5 36. Rhg7 Kd7 0-1

[Event "IV Festival Piemonte Scacchi A"]
[Site "Torino ITA"]
[Date "2002.09.??"]
[Round "3"]
[White "Rotundo, Raffaele"]
[Black "Gussone, Claudio"]
[Result "0-1"]
[WhiteElo "1810"]
[BlackElo "1575"]
[PlyCount "46"]
[EventDate "2002.09.25"]

1. e4 d6 2. d4 Nf6 3. Nc3 g6 4. f4 Bg7 5. Nf3 O-O 6. Bd3 c5 7. e5 Nfd7 8. e6
fxe6 9. Ng5 cxd4 10. Nce4 Nc5 11. Nxc5 dxc5 12. Qg4 Rf6 13. O-O Qd5 14. Bd2 Nc6
15. Qh4 h6 16. Ne4 Rf7 17. c4 dxc3 18. Nxc3 Qxd3 19. Rad1 e5 20. Bc1 Qf5 21.
fxe5 Qg4 22. Qe1 Rxf1+ 23. Qxf1 Be6 0-1